000 00398nam a2200145 4500
001 138423
003 ES-MaACL
007 t|
008 070214s1933 fr r ||||1| fre d
100 1 _aSandrĂ¼, Loute.
_9103120
245 1 3 _aLa Sarre au Seuil de la Rhenanie /
_cLoute SandrĂ¼.
260 _aParis :
_bFasquelle,
_c1933.
300 _a246 p. :
_bil. ;
_c19 x 14 cm.
852 _aES-MaACL
_jB-7766
999 _c138423
_d138423